000 00522nam a22001817a 4500
005 20230128130008.0
008 230128b |||||||| |||| 00| 0 eng d
020 _a978-1-259-58473
041 _aeng
082 _a615.7 BRU-G
100 _aBRUNTON , LAURENCE L. ,DANADAN ,RANDA HILAL AND OTHERS
_97500
245 _aGOODMAN & GILMAN'S THE PHARMACOLOGICAL BASIC OF THERAPEUTICS
250 _a13th ed.
260 _bMC GRAW HILL EDUCATION
300 _a1419;P.
650 _aPHARMACY
_xD.PHARMA
_97090
942 _cBK
999 _c8224
_d8222